000 00845nam a2200253Ia 4500
003 OSt
005 20240927110955.0
008 210716s2016 xx 000 0 und d
020 _a9788120352285
040 _cAIMIT LIBRARY
041 _aeng
082 _a382
_21
_bDANJ
100 _aDaniels, John D.
_9180475
245 _aGlobalization and business /
_cBy John D Daniels, Lee H Raderbaugh and Daniel P Sullivan.
250 _a1st ed.
260 _aNew Delhi :
_bPHI Learning private limited ,
_c2016.
300 _axiii,399p. ;
_bPB
_c24 cm
650 _aOperational objects and means
_9180476
650 _aManaging the international value chain
_9180477
650 _aControlling international operations
_9180478
700 _aRadebaugh, Lee H.
_9180479
700 _aSullivan, Daniel P.
_9180480
942 _2ddc
_cBK
_e1st
_k382 DANJ
999 _c209866
_d209866